Information Technology in Bio- and Medical Informatics 4th International Conference, ITBAM 2013, Prague, Czech Republic, August 28, 2013. Proceedings /

This book constitutes the refereed proceedings of the 4th International Conference on Information Technology in Bio- and Medical Informatics, ITBAM 2013, held in Prague, Czech Republic, in August 2013, held in conjunction with DEXA 2013. The 7 revised long papers presented together with 4 short pape...

Full description

Bibliographic Details
Corporate Author: SpringerLink (Online service)
Other Authors: Bursa, Miroslav (Editor), Khuri, Sami (Editor), Renda, M. Elena (Editor)
Format: Electronic eBook
Language:English
Published: Berlin, Heidelberg : Springer Berlin Heidelberg : Imprint: Springer, 2013.
Series:Lecture Notes in Computer Science, 8060
Subjects:
Online Access:Full Text via HEAL-Link
LEADER 03547nam a22005415i 4500
001 978-3-642-40093-3
003 DE-He213
005 20151204171344.0
007 cr nn 008mamaa
008 130823s2013 gw | s |||| 0|eng d
020 |a 9783642400933  |9 978-3-642-40093-3 
024 7 |a 10.1007/978-3-642-40093-3  |2 doi 
040 |d GrThAP 
050 4 |a R858-R859.7 
072 7 |a UBH  |2 bicssc 
072 7 |a MED000000  |2 bisacsh 
082 0 4 |a 502.85  |2 23 
245 1 0 |a Information Technology in Bio- and Medical Informatics  |h [electronic resource] :  |b 4th International Conference, ITBAM 2013, Prague, Czech Republic, August 28, 2013. Proceedings /  |c edited by Miroslav Bursa, Sami Khuri, M. Elena Renda. 
264 1 |a Berlin, Heidelberg :  |b Springer Berlin Heidelberg :  |b Imprint: Springer,  |c 2013. 
300 |a X, 115 p. 44 illus.  |b online resource. 
336 |a text  |b txt  |2 rdacontent 
337 |a computer  |b c  |2 rdamedia 
338 |a online resource  |b cr  |2 rdacarrier 
347 |a text file  |b PDF  |2 rda 
490 1 |a Lecture Notes in Computer Science,  |x 0302-9743 ;  |v 8060 
505 0 |a Pervasive and Intelligent Decision Support in Critical Health Care using Ensemble -- Pervasive and Intelligent Decision Support in Critical Health Care using Ensemble -- C-Grid: Enabling iRODS-based Grid Technology for Community Health Research -- Local pre-processing for node classification in networks -- Automatic evaluation of FHR recordings from a new open access CTG database -- Maternal and Neonatal Healthcare Information System: Development of an Obstetric Electronic Health Record and Healthcare Indicators Dashboard -- Data acquisition and storage system in a cardiac electrophysiology laboratory -- Proposing a Monitoring & Early Notification System for Heart Diseases -- Automatic Microcalcification Segmentation using Rough Entropy and Fuzzy Approach -- A Model for Analyzing the Relation between Potassium (K) and Hemolysis Index (HI) with Clustering Method -- A secure RBAC mobile agent model for Healthcare Institutions: preliminary study -- Adaptive Model of Cardiovascular system: realization and signal database. 
520 |a This book constitutes the refereed proceedings of the 4th International Conference on Information Technology in Bio- and Medical Informatics, ITBAM 2013, held in Prague, Czech Republic, in August 2013, held in conjunction with DEXA 2013. The 7 revised long papers presented together with 4 short papers were carefully reviewed and selected from numerous submissions. The papers address the following topics: critical health and intelligent systems in medical research, and obstetrics, neonatology and decision systems in cardiology. 
650 0 |a Computer science. 
650 0 |a Health informatics. 
650 0 |a Computers. 
650 0 |a Application software. 
650 0 |a Bioinformatics. 
650 1 4 |a Computer Science. 
650 2 4 |a Health Informatics. 
650 2 4 |a Information Systems and Communication Service. 
650 2 4 |a Computer Applications. 
650 2 4 |a Computational Biology/Bioinformatics. 
700 1 |a Bursa, Miroslav.  |e editor. 
700 1 |a Khuri, Sami.  |e editor. 
700 1 |a Renda, M. Elena.  |e editor. 
710 2 |a SpringerLink (Online service) 
773 0 |t Springer eBooks 
776 0 8 |i Printed edition:  |z 9783642400926 
830 0 |a Lecture Notes in Computer Science,  |x 0302-9743 ;  |v 8060 
856 4 0 |u http://dx.doi.org/10.1007/978-3-642-40093-3  |z Full Text via HEAL-Link 
912 |a ZDB-2-SCS 
912 |a ZDB-2-LNC 
950 |a Computer Science (Springer-11645)